[Event "Druzynowe Mistrzostwa Polski w Szachach Blyskawicznych"]
[Site "Piotrkow Trybunalski"]
[Date "1899-12-30"]
[Round "5.7"]
[White "Jakubiec, Artur"]
[Black "Szelag, Marcin"]
[Result "1-0"]
[WhiteTitle "GM"]
[BlackTitle "IM"]
[WhiteElo "2497"]
[BlackElo "2340"]

1. f4 d5 2. Nf3 g6 3. g3 Bg7 4. Bg2 c6 5. d3 Nd7 6. e4 e5 7. Nc3 Ne7 8. O-O O-O
9. Kh1 d4 10. Ne2 c5 11. f5 gxf5 12. Nh4 fxe4 13. dxe4 f5 14. exf5 Nf6 15. h3
Ned5 16. Qd3 Kh8 17. a3 Qe7 18. Bg5 e4 19. Qb3 Qe5 20. g4 e3 21. Nf4 Nxf4 22.
Bxf4 Qe7 23. Nf3 Ne4 24. Qd3 Nf2+ 25. Rxf2 exf2 26. Rf1 Bd7 27. Rxf2 Bc6 28. Re2
Qd7 29. Kh2 Rae8 30. Ne5 Bxe5 31. Bxe5+ Rxe5 32. Rxe5 Qd6 33. Qg3 Bxg2 34. Kxg2
Qc6+ 35. Kh2 c4 36. Re2 Qd5 37. Qe5+ Qxe5+ 38. Rxe5 Rd8 39. Re2 Kg7 40. Kg3 Kf6
41. Kf4 h6 42. h4 Rd5 43. g5+ hxg5+ 44. hxg5+ Kg7 45. Ke4 Rd6 46. Rh2 d3 47. cxd3
cxd3 48. Rd2 Rb6 49. b4 Rc6 50. Rxd3 Rc4+ 51. Ke5 b5 52. Rd7+ Kf8 53. g6 Rc1 54.
f6 Re1+ 55. Kd6 Rd1+ 56. Kc6 1-0

[Event "Druzynowe Mistrzostwa Polski w Szachach Blyskawicznych"]
[Site "Piotrkow Trybunalski"]
[Date "1899-12-30"]
[Round "5.8"]
[White "Warakomska, Anna"]
[Black "Weichhold, Pawel"]
[Result "0-1"]
[WhiteTitle "WIM"]
[BlackTitle "IM"]
[WhiteElo "2114"]
[BlackElo "2382"]

1. e4 c5 2. Nf3 Nc6 3. Bb5 g6 4. Bxc6 dxc6 5. d3 Bg7 6. h3 e5 7. Be3 Qe7 8. O-O
Nf6 9. a4 h6 10. a5 Rb8 11. Qd2 g5 12. Qc3 Nd7 13. Nbd2 O-O 14. Nb3 b6 15. axb6
axb6 16. Ra7 Qe6 17. Qd2 Nf6 18. Rfa1 Nh5 19. Rc7 Bf6 20. Raa7 Bd8 21. Rxc8 Rxc8
22. Qc3 Bf6 23. g4 Nf4 24. Bxf4 gxf4 25. Rb7 Rb8 26. Rc7 Rfc8 27. Ra7 Ra8 28.
Rxa8 Rxa8 29. Kg2 Kh7 30. Nbd2 Rg8 31. Nc4 h5 32. Ncxe5 hxg4 33. hxg4 Bxe5 34.
Nxe5 f6 0-1

[Event "Druzynowe Mistrzostwa Polski w Szachach Blyskawicznych"]
[Site "Piotrkow Trybunalski"]
[Date "1899-12-30"]
[Round "5.9"]
[White "Bartel, Mateusz"]
[Black "Tazbir, Marcin"]
[Result "1-0"]
[WhiteTitle "GM"]
[BlackTitle "GM"]
[WhiteElo "2628"]
[BlackElo "2552"]

1. g3 d5 2. Bg2 Nf6 3. d3 g6 4. f4 c6 5. Nf3 Qb6 6. e3 Bg7 7. O-O O-O 8. Nc3 Nbd7
9. Qe2 Ne8 10. Kh1 e5 11. e4 dxe4 12. dxe4 exf4 13. gxf4 Nef6 14. e5 Nh5 15. Ne4
Qc7 16. Bd2 Nb6 17. Nh4 Nd5 18. Rae1 f6 19. c4 fxe5 20. cxd5 Nxf4 21. Bxf4 exf4
22. d6 Qd8 23. Nf3 h6 24. Qc4+ Kh7 25. Rd1 Bf5 26. Nc5 Qb6 27. Ne6 Bxe6 28. Qxe6
Rae8 29. Qh3 Re3 30. d7 Rd8 31. Rd6 Qxb2 32. Qg4 Qc2 33. Nh4 g5 34. Nf5 Re5 35.
Nxh6 Re7 36. Qxg5 Rexd7 37. Rxd7 Rxd7 38. Nf5 Rf7 39. Nh4 Bh6 40. Qe5 Kg8 41.
Qe8+ Kg7 42. Nf3 Qc5 43. Rg1 Re7 44. Qc8 Kf7 45. Bh3 Bf8 46. Qg4 Ke8 47. Qg6+
Kd8 48. Qg8 Re3 49. Rd1+ Kc7 50. Qf7+ Be7 51. Qxf4+ Kb6 52. Bg2 Ka5 53. Qb8 Qb6
54. Rf1 Bc5 55. Qf4 Re2 56. Ne5 Qb5 57. Nc4+ Ka6 58. Nd6 Qb2 59. Qc4+ Kb6 60.
Qd3 Rxg2 61. Nc4+ Kc7 62. Nxb2 1-0

[Event "Druzynowe Mistrzostwa Polski w Szachach Blyskawicznych"]
[Site "Piotrkow Trybunalski"]
[Date "1899-12-30"]
[Round "5.10"]
[White "Cyborowski, Lukasz"]
[Black "Moranda, Wojciech"]
[Result "1/2-1/2"]
[WhiteTitle "GM"]
[BlackTitle "GM"]
[WhiteElo "2577"]
[BlackElo "2603"]

1. e4 c5 2. Nf3 d6 3. d4 cxd4 4. Qxd4 Nc6 5. Bb5 Bd7 6. Qd3 Nf6 7. c4 g6 8. h3
Bg7 9. O-O a6 10. Bxc6 Bxc6 11. Nc3 O-O 12. Be3 Qa5 13. Nd4 Rfc8 14. Rac1 Qd8
15. Rfd1 Rab8 16. b3 Nd7 17. Qe2 Qf8 18. f4 Nc5 19. Nxc6 Rxc6 20. Qf3 e6 21. Bd4
Rbc8 22. e5 dxe5 23. fxe5 Rd8 24. Kh1 Kh8 25. Ne4 Nxe4 26. Qxe4 Qe7 27. Bf2 Bh6
28. Rxd8+ Qxd8 29. Rf1 Kg8 30. Qf3 Qe8 31. Bh4 Rc7 32. Rd1 Rd7 33. Bf6 Bf8 34.
Rd3 b5 35. cxb5 Rxd3 36. Qxd3 axb5 37. Qd8 Qc6 38. Kh2 Qc1 39. Be7 Qf4+ 40. Kg1
Qe3+ 41. Kf1 Qf4+ 42. Kg1 Qe3+ 43. Kf1 Qf4+ 44. Kg1 Qe3+ 1/2-1/2

[Event "Druzynowe Mistrzostwa Polski w Szachach Blyskawicznych"]
[Site "Piotrkow Trybunalski"]
[Date "1899-12-30"]
[Round "5.11"]
[White "Wieczorek, Oskar"]
[Black "Kulon, Klaudia"]
[Result "1-0"]
[WhiteTitle "IM"]
[BlackTitle "WGM"]
[WhiteElo "2282"]
[BlackElo "2317"]

1. Nf3 Nf6 2. c4 c5 3. Nc3 g6 4. d4 cxd4 5. Nxd4 Bg7 6. e4 d6 7. Be2 Nc6 8. Be3
O-O 9. O-O Nd7 10. Nc2 a5 11. f3 a4 12. Qd2 Qa5 13. Rab1 Nc5 14. Rfd1 Be6 15.
Nd4 a3 16. Nxc6 bxc6 17. b4 Qa7 18. bxc5 dxc5 19. Bh6 Bd4+ 20. Kh1 Rfd8 21. Bf1
Rab8 22. Ne2 Bxc4 23. Nxd4 Bxf1 24. Rxf1 cxd4 25. Rxb8 Rxb8 26. Qc1 c5 27. Qc4
e6 28. h3 Rb4 29. Qc1 Rb2 30. Qg5 f5 31. Qd8+ Kf7 32. Qf8# 1-0

[Event "Druzynowe Mistrzostwa Polski w Szachach Blyskawicznych"]
[Site "Piotrkow Trybunalski"]
[Date "1899-12-30"]
[Round "6.1"]
[White "Pakleza, Zbigniew"]
[Black "Miton, Kamil"]
[Result "1/2-1/2"]
[WhiteTitle "GM"]
[BlackTitle "GM"]
[WhiteElo "2563"]
[BlackElo "2530"]

1. d4 Nf6 2. Nf3 g6 3. Bf4 Bg7 4. e3 O-O 5. Be2 d6 6. h3 b6 7. O-O Bb7 8. c4 Nbd7
9. Nc3 Ne4 10. Nxe4 Bxe4 11. Bg3 e5 12. dxe5 Nxe5 13. Nxe5 Bxe5 14. Bxe5 1/2-1/2

[Event "Druzynowe Mistrzostwa Polski w Szachach Blyskawicznych"]
[Site "Piotrkow Trybunalski"]
[Date "1899-12-30"]
[Round "6.2"]
[White "Bulski, Krzysztof"]
[Black "Dziuba, Marcin"]
[Result "0-1"]
[WhiteTitle "GM"]
[BlackTitle "GM"]
[WhiteElo "2485"]
[BlackElo "2536"]

1. d4 Nf6 2. c4 g6 3. Nc3 Bg7 4. e4 d6 5. f3 O-O 6. Be3 c5 7. Nge2 Nc6 8. d5 Ne5
9. Ng3 h5 10. Be2 h4 11. Nf1 e6 12. Qd2 a6 13. a4 Re8 14. h3 Rb8 15. Nh2 exd5
16. cxd5 b5 17. axb5 axb5 18. Ng4 b4 19. Nd1 Nexg4 20. hxg4 Bxg4 21. Bg5 Bd7 22.
Rxh4 Qc7 23. Ne3 Nh7 24. Bh6 Bf6 25. Rh1 Qd8 26. Nc4 Bb5 27. Ne3 Bxe2 28. Qxe2
Bd4 29. Rd1 f5 30. exf5 gxf5 31. Qf2 Qf6 32. Kf1 Kf7 33. Bf4 Nf8 34. Re1 Ng6 35.
Qg3 Bxe3 36. Bxe3 f4 37. Rh7+ Kg8 38. Qh3 fxe3 39. Qh5 e2+ 40. Kg1 Nf4 41. Qh2
Qd4+ 42. Kh1 Qf6 43. Rh6 Ng6 44. Qh5 Nf4 45. Qh2 Qf5 46. Rh8+ Kf7 47. Rh7+ Kg8
48. Rh8+ Kf7 49. Rh7+ Kf6 50. Qh4+ Qg5 51. Rh6+ Ng6 52. Qh2 Rh8 53. f4 Qxh6 0-1

[Event "Druzynowe Mistrzostwa Polski w Szachach Blyskawicznych"]
[Site "Piotrkow Trybunalski"]
[Date "1899-12-30"]
[Round "6.3"]
[White "Jakubiec, Artur"]
[Black "Gdanski, Jacek"]
[Result "0-1"]
[WhiteTitle "GM"]
[BlackTitle "GM"]
[WhiteElo "2497"]
[BlackElo "2442"]

1. f4 d5 2. Nf3 g6 3. g3 c6 4. Nc3 Bg7 5. Bg2 Qb6 6. e3 h5 7. d3 Nh6 8. Qe2 Nd7
9. e4 dxe4 10. Nxe4 O-O 11. c3 Nf6 12. Be3 Qa6 13. Nxf6+ exf6 14. O-O Re8 15.
Qd2 Bf5 16. d4 Be4 17. Rfe1 Nf5 18. Bf2 Nd6 19. b3 b5 20. a4 Qb7 21. Nh4 Bxg2
22. Nxg2 Ne4 23. Qc2 f5 24. Be3 Rad8 25. b4 Qd7 26. Nh4 Qd5 27. axb5 cxb5 28.
Ra3 Rc8 29. Bf2 Re6 30. Re3 Bxd4 31. Nf3 Bxe3 32. Bxe3 Nxg3 33. Ne5 Qh1+ 34. Kf2
Ne4+ 35. Ke2 Rd6 36. Bd4 Qg2+ 37. Kd3 Qh3+ 38. Ke2 Rxd4 39. cxd4 Rxc2+ 0-1

[Event "Druzynowe Mistrzostwa Polski w Szachach Blyskawicznych"]
[Site "Piotrkow Trybunalski"]
[Date "1899-12-30"]
[Round "6.4"]
[White "Masternak, Grzegorz"]
[Black "Weichhold, Pawel"]
[Result "1/2-1/2"]
[WhiteTitle "IM"]
[BlackTitle "IM"]
[WhiteElo "2267"]
[BlackElo "2382"]

1. e4 c5 2. Nc3 Nc6 3. g3 g6 4. Bg2 Bg7 5. d3 Rb8 6. Be3 b5 7. Qd2 b4 8. Nd1 d6
9. Ne2 e5 10. O-O Nge7 11. Bh6 O-O 12. Bxg7 Kxg7 13. f4 f5 14. Ne3 Be6 15. Rf2
Qd7 16. Raf1 h6 17. exf5 gxf5 18. c3 bxc3 19. bxc3 a5 20. d4 cxd4 21. cxd4 exd4
22. Nxd4 Kh7 23. Nxc6 Nxc6 24. Nd5 Nb4 25. Rd1 Bxd5 26. Bxd5 Rbc8 27. a3 Rc2 28.
Qd4 Rxf2 29. Kxf2 Nxd5 30. Qxd5 Re8 31. Qxd6 Qa7+ 32. Qd4 Qf7 33. Qd5 Qa7+ 34.
Qd4 Qf7 35. Rd2 Re7 36. Qd5 Qh5 37. Kg2 Re2+ 38. Rxe2 Qxe2+ 39. Kg1 Qe1+ 40. Kg2
Qe2+ 41. Kg1 Qe1+ 42. Kg2 Qe2+ 43. Kg1 Qe1+ 1/2-1/2

[Event "Druzynowe Mistrzostwa Polski w Szachach Blyskawicznych"]
[Site "Piotrkow Trybunalski"]
[Date "1899-12-30"]
[Round "6.5"]
[White "Tomczak, Jacek"]
[Black "Bartel, Mateusz"]
[Result "1-0"]
[WhiteTitle "GM"]
[BlackTitle "GM"]
[WhiteElo "2546"]
[BlackElo "2628"]

1. e4 e5 2. Nf3 Nc6 3. Bc4 Nf6 4. Ng5 d5 5. exd5 Na5 6. Bb5+ Bd7 7. Qe2 Bxb5 8.
Qxb5+ c6 9. dxc6 bxc6 10. Qxe5+ Be7 11. O-O O-O 12. d3 Bd6 13. Qf5 Re8 14. Nc3
Rb8 15. Nce4 h6 16. Nxf6+ Qxf6 17. Qh7+ Kf8 18. Ne4 Qe5 19. Nxd6 Qxd6 20. Qh8+
Ke7 21. Qxg7 Qg6 22. Qxg6 fxg6 23. Bd2 Nb7 24. Bxh6 Kf7 25. Rfe1 Nc5 26. Rxe8
Rxe8 27. Be3 Ne6 28. f3 c5 29. Kf2 Kf6 30. Re1 Rb8 31. b3 a6 32. Bd2 Kf7 33. Re5
Rc8 34. Be3 Kf6 35. Rd5 Rc6 36. c3 Kf7 37. f4 Kf6 38. Kf3 a5 39. h4 a4 40. bxa4
Ra6 41. Bxc5 Rxa4 42. Be3 Rxa2 43. g4 Ra3 44. Rd7 Nf8 45. Rd8 Ne6 46. Rc8 Kf7
47. f5 gxf5 48. gxf5 Ng7 49. Rc7+ Kg8 50. Ke4 Ne8 51. Rc6 Kf7 52. Bg5 Ra1 53.
c4 Re1+ 54. Kd5 Rf1 55. f6 Rf5+ 56. Ke4 Ra5 57. d4 Ra7 58. d5 Nc7 59. Be3 Rb7
60. Bf4 Ne8 61. Be5 Rb1 62. Re6 Re1+ 63. Kd4 Rh1 64. Re7+ Kf8 65. Rh7 Rd1+ 66.
Kc5 Rf1 67. d6 Rf5 68. Kd4 1-0

[Event "Druzynowe Mistrzostwa Polski w Szachach Blyskawicznych"]
[Site "Piotrkow Trybunalski"]
[Date "1899-12-30"]
[Round "6.6"]
[White "Moranda, Wojciech"]
[Black "Warakomski, Tomasz"]
[Result "0-1"]
[WhiteTitle "GM"]
[BlackTitle "GM"]
[WhiteElo "2603"]
[BlackElo "2503"]

1. d4 Nf6 2. c4 e6 3. Nf3 Bb4+ 4. Bd2 Bxd2+ 5. Qxd2 b6 6. g3 Bb7 7. Bg2 O-O 8.
O-O d6 9. Nc3 Ne4 10. Nxe4 Bxe4 11. Qf4 Bb7 12. e4 Nd7 13. Rad1 Qf6 14. Qe3 e5
15. d5 g6 16. Ne1 c6 17. dxc6 Bxc6 18. Nd3 a5 19. Rd2 Rac8 20. Rfd1 Rfd8 21. b3
Nc5 22. Nc1 Qe7 23. Ne2 Ne6 24. Qxb6 Nc5 25. Nc3 a4 26. b4 Ne6 27. c5 Nd4 28.
b5 Rb8 29. bxc6 Rxb6 30. Nd5 Qe6 31. Rxd4 Rxc6 32. Rxa4 Rxc5 33. Ra7 Rb8 34. h3
Rc2 35. a4 Kg7 36. Ne3 Ra2 37. Bf1 Qe8 38. Bc4 Rxa4 39. Rxf7+ Kh8 40. Rf6 Qc8
41. Be6 Qd8 42. Rf7 Rd4 43. Rc1 Rxe4 44. Ng4 Rxg4 45. hxg4 Qg5 46. Rcc7 Qh6 47.
Kg2 e4 48. g5 Qh5 49. Rxh7+ Qxh7 50. Rxh7+ Kxh7 51. Bd5 Re8 52. Kf1 Re5 53. Bb7
d5 0-1

[Event "Druzynowe Mistrzostwa Polski w Szachach Blyskawicznych"]
[Site "Piotrkow Trybunalski"]
[Date "1899-12-30"]
[Round "6.7"]
[White "Szelag, Marcin"]
[Black "Wieczorek, Oskar"]
[Result "1-0"]
[WhiteTitle "IM"]
[BlackTitle "IM"]
[WhiteElo "2340"]
[BlackElo "2282"]

1. e4 c5 2. Nf3 e6 3. d4 cxd4 4. Nxd4 Nc6 5. Nc3 Qc7 6. Be2 a6 7. O-O Nf6 8. Be3
Bb4 9. Na4 O-O 10. c4 Bd6 11. g3 Nxe4 12. Bf3 f5 13. c5 Be5 14. Rc1 Rd8 15. Nb6
Rb8 16. Bxe4 fxe4 17. Nxc6 dxc6 18. Qc2 Bf6 19. Rcd1 e5 20. Qxe4 Bh3 21. Rfe1
Rxd1 22. Rxd1 Rd8 23. Re1 Qf7 24. Nc4 Qd5 25. f3 Be6 26. Nd6 Qxa2 27. Nxb7 Bd5
28. Qf5 Rb8 29. Qd7 Qxb2 30. Nd6 Bxf3 31. Qe6+ Kh8 32. Nf7+ Kg8 33. Nh6+ Qb7 1-0

[Event "Druzynowe Mistrzostwa Polski w Szachach Blyskawicznych"]
[Site "Piotrkow Trybunalski"]
[Date "1899-12-30"]
[Round "6.8"]
[White "Gumularz, Szymon"]
[Black "Warakomska, Anna"]
[Result "1-0"]
[WhiteTitle "I++"]
[BlackTitle "WIM"]
[WhiteElo "2262"]
[BlackElo "2114"]

1. f4 d5 2. Nf3 g6 3. g3 Bg7 4. Bg2 c6 5. d3 Bg4 6. Nc3 Nd7 7. e4 dxe4 8. dxe4
e5 9. h3 Bxf3 10. Qxf3 exf4 11. gxf4 Ne7 12. O-O O-O 13. f5 Ne5 14. Qf2 f6 15.
Be3 Qc7 16. b3 Rad8 17. Bxa7 Rd7 18. Bb6 Qc8 19. Rad1 Bh6 20. Bc5 Rfd8 21. Rxd7
Qxd7 22. fxg6 N5xg6 23. Rd1 Qe8 24. Qxf6 Rxd1+ 25. Nxd1 Bg7 26. Qe6+ Kh8 27. Nf2
Nf4 28. Qg4 Qf7 29. Bxe7 Nxg2 30. Qc8+ Qg8 31. Qxg8+ Kxg8 32. Kxg2 1-0

[Event "Druzynowe Mistrzostwa Polski w Szachach Blyskawicznych"]
[Site "Piotrkow Trybunalski"]
[Date "1899-12-30"]
[Round "6.9"]
[White "Psyk, Radoslaw"]
[Black "Dobrowolski, Piotr"]
[Result "0-1"]
[WhiteTitle "k"]
[BlackTitle "IM"]
[WhiteElo "2124"]
[BlackElo "2331"]

1. f4 b6 2. Nf3 Bb7 3. e3 g6 4. c4 Bg7 5. Nc3 c5 6. Be2 Nf6 7. O-O O-O 8. b3 d5
9. cxd5 Nxd5 10. Bb2 Nc6 11. Bc4 Na5 12. Rc1 Nxc4 13. bxc4 Nb4 14. Na4 Be4 15.
Bxg7 Kxg7 16. a3 Nd3 17. Rc3 f6 18. Ne1 Qd7 19. Nxd3 Bxd3 20. Rf2 Rad8 21. Nb2
Be4 22. d3 Bb7 23. Rcc2 Rfe8 24. Qf1 Qd6 25. Rce2 e5 26. h3 e4 27. Rd2 exd3 28.
Rxd3 Qe7 29. Rfd2 Rxd3 30. Qxd3 Bc6 31. Kf2 Qb7 32. Kg1 Re7 33. Nd1 Qc8 34. Kh2
Qe6 35. Qc3 Qe4 36. Qd3 Qe6 37. Qc3 Kf7 38. Qc2 Qe4 39. Kg3 h5 40. Qxe4 Rxe4 41.
Rd6 Ba4 42. Nc3 Rxe3+ 43. Kh4 Rxc3 44. g4 hxg4 45. hxg4 Rxc4 46. Kg3 Ke7 47. Rd2
Bd7 48. Rd3 Rd4 49. Re3+ Kd6 50. Rc3 c4 51. Rc1 Kc5 52. Rh1 Rd3+ 53. Kh4 Bc6 54.
Rg1 c3 55. g5 fxg5+ 56. Rxg5+ Kd4 57. Rxg6 Be4 58. Rd6+ Ke3 59. Rxd3+ Bxd3 60.
f5 Bxf5 61. a4 c2 62. a5 Kf4 63. a6 c1=Q 0-1

[Event "Druzynowe Mistrzostwa Polski w Szachach Blyskawicznych"]
[Site "Piotrkow Trybunalski"]
[Date "1899-12-30"]
[Round "6.10"]
[White "Stachowiak, Kamil"]
[Black "Slomczewski, Michal"]
[Result "1-0"]
[WhiteTitle "IM"]
[BlackTitle "I"]
[WhiteElo "2366"]
[BlackElo "1950"]

1. d4 d5 2. Nf3 Nf6 3. c4 e6 4. Nc3 c5 5. cxd5 exd5 6. g3 Nc6 7. Bg2 Be7 8. O-O
O-O 9. Bf4 c4 10. Ne5 Bf5 11. Bg5 Qa5 12. Bxf6 Bxf6 13. Nxd5 Bxe5 14. dxe5 Qc5
15. Rc1 Nxe5 16. b4 Qd6 17. e4 Bg4 18. f3 Bh5 19. g4 Bg6 20. Qd4 f6 21. h3 Bf7
22. f4 Nc6 23. Qxc4 Bxd5 24. exd5 Nxb4 25. Rfe1 Rac8 26. Qxc8 Rxc8 27. Rxc8+ Kf7
28. f5 Nxd5 29. Rce8 Qc5+ 30. Kh1 Qc6 31. Rd8 Qc3 1-0

[Event "Druzynowe Mistrzostwa Polski w Szachach Blyskawicznych"]
[Site "Piotrkow Trybunalski"]
[Date "1899-12-30"]
[Round "6.11"]
[White "Mechlinski, Jakub"]
[Black "Zeberski, Jakub"]
[Result "1-0"]
[WhiteTitle "I"]
[BlackTitle "IM"]
[WhiteElo "1843"]
[BlackElo "2329"]

1. f4 b6 2. Nf3 Bb7 3. e3 Nf6 4. b3 g6 5. Bb2 Bg7 6. Nc3 O-O 7. Be2 c5 8. O-O Nc6
9. d3 d6 10. Qd2 Rc8 11. h3 a6 12. a4 Nb4 13. e4 Nh5 14. Kh2 e6 15. g3 Qd7 16.
Nd1 Nf6 17. Rb1 Nc6 18. Ne3 Ra8 19. Kg2 Qc7 20. Ng4 Nxg4 21. hxg4 Nd4 22. Bd1
d5 23. e5 Nxf3 24. Bxf3 d4 25. g5 h6 26. gxh6 Bxh6 27. Rh1 Bxf3+ 28. Kxf3 Qb7+
29. Kf2 Kg7 30. Rh2 Rh8 31. Rbh1 Rh7 32. g4 Rah8 33. g5 Bxg5 34. Rxh7+ Rxh7 35.
Rxh7+ Kxh7 36. fxg5 Qh1 37. Qe2 Qh4+ 38. Kf1 Qxg5 39. Ke1 Qg1+ 40. Kd2 Qg5+ 41.
Kd1 Qg1+ 42. Qe1 Qg4+ 43. Kc1 Kg8 44. Kb1 Qf3 45. Bc1 Qf5 46. Qg3 Qf1 47. Kb2
Qf5 48. Qg5 Qf3 49. Qd8+ Kg7 50. Qxb6 Qd5 51. Qd6 Qg2 52. Qxc5 g5 53. Qxd4 Kg6
54. Qe4+ Qxe4 55. dxe4 g4 56. Bf4 Kh5 57. Bg3 Kg5 58. b4 f5 59. exf6 Kxf6 60.
b5 axb5 61. axb5 Ke7 1-0

[Event "Druzynowe Mistrzostwa Polski w Szachach Blyskawicznych"]
[Site "Piotrkow Trybunalski"]
[Date "1899-12-30"]
[Round "7.1"]
[White "Dobrowolski, Piotr"]
[Black "Miton, Kamil"]
[Result "1/2-1/2"]
[WhiteTitle "IM"]
[BlackTitle "GM"]
[WhiteElo "2331"]
[BlackElo "2530"]

1. e4 c5 2. Nf3 Nc6 3. c3 e6 4. d4 d5 5. exd5 exd5 6. Bb5 Bd6 7. O-O Nge7 8. dxc5
Bxc5 9. Nbd2 O-O 10. Nb3 Bb6 11. Bd3 h6 12. Bc2 Bf5 13. Re1 Qd6 14. Be3 Bxe3 15.
Rxe3 Rad8 16. Nfd4 Bg6 17. Nxc6 bxc6 18. Bxg6 Nxg6 19. Qd4 Qc7 20. Rae1 Rb8 21.
h4 Rfd8 22. Nc5 Qf4 23. Qxf4 Nxf4 24. g3 Ng6 25. b4 d4 26. cxd4 Rxb4 27. Re8+
Rxe8 28. Rxe8+ Kh7 29. h5 Nh8 30. Nd7 g6 31. Re7 Rxd4 32. Ne5 gxh5 33. Nxf7 Nxf7
34. Rxf7+ Kg6 35. Rxa7 h4 1/2-1/2

[Event "Druzynowe Mistrzostwa Polski w Szachach Blyskawicznych"]
[Site "Piotrkow Trybunalski"]
[Date "1899-12-30"]
[Round "7.2"]
[White "Bulski, Krzysztof"]
[Black "Stachowiak, Kamil"]
[Result "1-0"]
[WhiteTitle "GM"]
[BlackTitle "IM"]
[WhiteElo "2485"]
[BlackElo "2366"]

1. e4 c5 2. Nf3 d6 3. Bb5+ Bd7 4. Bxd7+ Qxd7 5. c4 Nc6 6. Nc3 g6 7. d4 cxd4 8.
Nxd4 Bg7 9. Nde2 Nf6 10. O-O O-O 11. f3 a6 12. a4 Rfc8 13. Be3 Qd8 14. Rc1 Qa5
15. b3 Qb4 16. Kh1 Na5 17. Rb1 Nc6 18. Rc1 Na5 19. Rb1 Nc6 20. Qd2 h5 21. Rfc1
Kh7 22. Rd1 Ne5 23. Nf4 Qa5 24. Nfe2 Nc6 25. Bg5 Qe5 26. Bf4 Qa5 27. Bg5 Qe5 28.
Re1 Rab8 29. Nd5 b5 30. cxb5 axb5 31. a5 Nxd5 32. exd5 Na7 33. Ng3 Qc3 34. Rxe7
Ra8 35. Qxc3 Bxc3 36. Rxf7+ Kg8 37. Rd7 Bxa5 38. Ne4 Bc3 39. Nxc3 Rxc3 40. Bf6
Rd3 41. h4 Nc8 42. Rc1 Nb6 43. Rg7+ Kf8 44. Rcc7 Ra1+ 45. Kh2 1-0

[Event "Druzynowe Mistrzostwa Polski w Szachach Blyskawicznych"]
[Site "Piotrkow Trybunalski"]
[Date "1899-12-30"]
[Round "7.3"]
[White "Zeberski, Jakub"]
[Black "Gdanski, Jacek"]
[Result "0-1"]
[WhiteTitle "IM"]
[BlackTitle "GM"]
[WhiteElo "2329"]
[BlackElo "2442"]

1. e4 e6 2. d4 d5 3. exd5 exd5 4. Nf3 c6 5. c4 Nf6 6. Nc3 Bb4 7. Bd3 O-O 8. O-O
dxc4 9. Bxc4 Bg4 10. Be3 Nbd7 11. h3 Bh5 12. g4 Bg6 13. Ne5 Nb6 14. Bb3 Nfd5 15.
Rc1 Qh4 16. Qf3 Rad8 17. Ne2 Bd6 18. Rfd1 Kh8 19. Nf4 Nxf4 20. Bxf4 f6 21. Nxg6+
hxg6 22. Bxd6 Rxd6 23. Rc5 Rfd8 24. Bc2 g5 25. Qe3 Nd5 26. Rxd5 cxd5 27. Re1 Rf8
28. Kg2 Rdd8 29. Qe6 Qh6 30. Re3 g6 31. Qe7 Qg7 32. Qb4 Rf7 33. Bb3 Kh7 34. Qe1
Rdd7 35. Qa5 b6 36. Qb5 Rfe7 37. Bxd5 Rxe3 38. fxe3 Qe7 39. Bf3 Rc7 40. Qd3 Kg7
41. Be4 Qf7 42. d5 Rd7 43. a3 Qe8 44. Kf3 Qe5 45. Kg2 Qxb2+ 46. Kf3 Qe5 47. Bxg6
Rxd5 48. Qc2 Rc5 49. Qb1 Qd5+ 50. Be4 Qd2 51. Qb3 Rc1 52. Bd3 Qd1+ 53. Qxd1 Rxd1
54. Bc4 Rh1 55. Kg2 Rc1 56. Bd5 Rc3 0-1

[Event "Druzynowe Mistrzostwa Polski w Szachach Blyskawicznych"]
[Site "Piotrkow Trybunalski"]
[Date "1899-12-30"]
[Round "7.4"]
[White "Masternak, Grzegorz"]
[Black "Kolasinski, Krzysztof"]
[Result "1-0"]
[WhiteTitle "IM"]
[BlackTitle "I++"]
[WhiteElo "2267"]
[BlackElo "2049"]

1. e4 c5 2. Nc3 Nc6 3. g3 g6 4. Bg2 Bg7 5. d3 b6 6. Be3 Bb7 7. Qd2 d6 8. Nge2 h5
9. h3 Qd7 10. O-O Nf6 11. f4 h4 12. g4 Nxg4 13. hxg4 Qxg4 14. Kh2 Nd4 15. Bxd4
cxd4 16. Nd5 Bxd5 17. Bh3 Qh5 18. exd5 f5 19. Ng1 g5 20. fxg5 Be5+ 21. Kh1 f4
22. Nf3 Kf7 23. Rae1 Raf8 24. Nxe5+ dxe5 25. Rxe5 f3 26. Qf4+ Ke8 27. Qg4 Qxg4
28. Bxg4 Rf4 29. Re4 Rhf8 30. Rxf4 Rxf4 31. Bxf3 Rf5 32. g6 Rg5 33. Be4 Kd7 34.
Rf4 h3 35. Kh2 a5 36. Rh4 a4 37. Rxh3 b5 38. Rh8 b4 39. Rb8 a3 40. bxa3 bxa3 41.
Ra8 Kd6 42. Rxa3 Ke5 43. Ra6 Kf4 44. Re6 Rh5+ 45. Kg2 Rg5+ 46. Kf2 Rh5 47. Rxe7
Rh2+ 48. Kg1 Rxc2 49. g7 1-0

[Event "Druzynowe Mistrzostwa Polski w Szachach Blyskawicznych"]
[Site "Piotrkow Trybunalski"]
[Date "1899-12-30"]
[Round "7.5"]
[White "Mazurkiewicz, Michal"]
[Black "Pakleza, Zbigniew"]
[Result "0-1"]
[WhiteTitle "k"]
[BlackTitle "GM"]
[WhiteElo "2294"]
[BlackElo "2563"]

1. e4 d6 2. d3 Nf6 3. Nd2 c6 4. g3 Bg4 5. Ngf3 e6 6. Bg2 Bh5 7. O-O Be7 8. c3 O-O
9. Re1 d5 10. e5 Nfd7 11. c4 Bg6 12. Nf1 Nc5 13. cxd5 cxd5 14. d4 Nd3 15. Re2
Nxc1 16. Rxc1 Nc6 17. Ne1 Qb6 18. Nc2 Rfc8 19. Nfe3 h6 20. a3 Bf8 21. b4 Nxd4
22. Nxd4 Rxc1 23. Qxc1 Qxd4 24. Qc7 Qb6 25. Qd7 Rd8 26. Qa4 a6 27. Qd1 Rc8 28.
Nc2 Bh5 0-1

[Event "Druzynowe Mistrzostwa Polski w Szachach Blyskawicznych"]
[Site "Piotrkow Trybunalski"]
[Date "1899-12-30"]
[Round "7.6"]
[White "Dziuba, Marcin"]
[Black "Morkisz, Bogdan"]
[Result "1-0"]
[WhiteTitle "GM"]
[BlackTitle "k"]
[WhiteElo "2536"]
[BlackElo "2109"]

1. d4 Nf6 2. c4 e5 3. dxe5 Ng4 4. Nf3 Nc6 5. e3 Ngxe5 6. Be2 Bc5 7. Nc3 Nxf3+ 8.
Bxf3 Ne5 9. Be2 O-O 10. O-O a5 11. b3 Ra6 12. Na4 Ba7 13. Bb2 Qe7 14. c5 Rh6 15.
Qd4 d6 16. g3 Bd7 17. cxd6 cxd6 18. Qxa7 Qe6 19. f4 Qh3 20. Rf2 Bc6 21. e4 Bxe4
22. Qe3 1-0

[Event "Druzynowe Mistrzostwa Polski w Szachach Blyskawicznych"]
[Site "Piotrkow Trybunalski"]
[Date "1899-12-30"]
[Round "7.7"]
[White "Gmaj, Krzysztof"]
[Black "Jakubiec, Artur"]
[Result "0-1"]
[WhiteTitle "k"]
[BlackTitle "GM"]
[WhiteElo "2155"]
[BlackElo "2497"]

1. d4 f5 2. Nf3 Nf6 3. c4 g6 4. e3 Bg7 5. b4 d6 6. Bb2 O-O 7. Be2 c6 8. O-O Ne4
9. Nc3 Nxc3 10. Bxc3 Nd7 11. Rc1 Nf6 12. c5 Be6 13. a4 Ne4 14. Ba1 a6 15. Qc2
Qe8 16. Bc4 d5 17. Be2 g5 18. Nd2 Nxd2 19. Qxd2 f4 20. b5 axb5 21. axb5 Qg6 22.
f3 fxe3 23. Qxe3 Qf6 24. Rfd1 Bd7 25. b6 Ra4 26. Bc3 Re8 27. Ra1 Rxa1 28. Rxa1
h6 29. Ra7 Bc8 30. Bd3 Qf7 31. Bc2 Kf8 32. Qd3 Qf6 33. h3 h5 34. Qh7 g4 35. hxg4
Qf4 36. Be1 hxg4 37. Bg6 Qxd4+ 38. Bf2 Qd1+ 39. Kh2 Rd8 40. Qh5 Qe2 41. Bg3 Qe6
42. Bd3 gxf3 43. Qxf3+ Qf6 44. Qh5 e5 45. Bg6 e4 46. Bh4 Qf4+ 47. Bg3 Qf6 48.
Qh7 e3 49. Bd3 Re8 50. Bh4 Qf4+ 51. Bg3 Qf6 52. Qh5 Qf7 53. Qh7 Qf6 54. Bg6 Rd8
55. Bd6+ Rxd6 56. cxd6 Qxd6+ 57. Qh5 0-1

[Event "Druzynowe Mistrzostwa Polski w Szachach Blyskawicznych"]
[Site "Piotrkow Trybunalski"]
[Date "1899-12-30"]
[Round "7.8"]
[White "Weichhold, Pawel"]
[Black "Jakubiec, Edyta"]
[Result "1-0"]
[WhiteTitle "IM"]
[BlackTitle "WIM"]
[WhiteElo "2382"]
[BlackElo "2092"]

1. e4 c5 2. Nf3 d6 3. d4 cxd4 4. Nxd4 Nf6 5. Nc3 a6 6. h3 e5 7. Nb3 Be6 8. Be3
Nbd7 9. g4 Rc8 10. Qd2 Bxb3 11. axb3 Nc5 12. Bg2 Be7 13. g5 Nh5 14. Nd5 Ne6 15.
h4 Nhf4 16. Bxf4 Nxf4 17. Nxf4 exf4 18. c3 h6 19. g6 fxg6 20. Bh3 O-O 21. Bxc8
Qxc8 22. O-O-O Kh7 23. Rdg1 Qc5 24. f3 Bf6 25. Kc2 Rc8 26. Rg2 b5 27. Qd5 Qe3
28. Qd3 Qc5 29. Rhg1 Bd4 30. e5 Bxe5 31. Rxg6 Qf2+ 32. Kb1 Kh8 33. Rxh6+ gxh6
34. Qg6 Qxh4 35. Qe6 Rf8 36. Rg6 Bf6 37. Qxd6 Rg8 38. Rxf6 Kh7 1-0